Geography by Numbers III Quiz Stats

 Plays Quiz Updated Aug 3, 2018

Score 0/55 Timer 06:00
18 Plays Today
% Correct
France
92%
Poland
89.9%
Vatican City
89.2%
Austria
87.4%
Montana
86.4%
Maine
86.1%
Mississippi
86.1%
China
84%
Switzerland
83.6%
Luxembourg
83.1%
Missouri
82.7%
Belgium
82.4%
Michigan
81.9%
Madagascar
81.7%
Japan
80.5%
Minnesota
80.4%
Denmark
80.2%
Netherlands
79.2%
Massachusetts
77.8%
Maryland
76.8%
Monaco
76.4%
Czechia
75.6%
India
73.8%
Kazakhstan
73.6%
Colombia
72.7%
Bolivia
72.6%
Liechtenstein
70.5%
San Marino
70.5%
% Correct
Kyrgyzstan
67.9%
Kyrgyzstan
67.9%
Indonesia
67.6%
Kenya
65.3%
Seychelles
65.1%
Nepal
62.9%
Malaysia
62.2%
Yemen
56.6%
Kiribati
55.5%
Mauritius
55.2%
Brunei
55%
Helsinki (Finland)
54.1%
Comoros
52.8%
Kuwait
50.5%
Kosovo
48.9%
Syria
48.6%
Qatar
46.9%
Nauru
46.3%
Hanoi (Vietnam)
43.9%
Tuvalu
41.4%
Malta
39.3%
Maldives
39.3%
Havana (Cuba)
33.6%
Saint Kitts and Nevis
29.7%
Marshall Islands
28.5%
Harare (Zimbabwe)
25.8%
Honiara (Solomon Islands)
15.7%

You're not logged in!

Compare scores with friends on all Sporcle quizzes.
OR
Log In

Sporcle TV

Today on Sporcle TV


Watch our educational content, quiz creation guides, and fun videos on Sporcle TV.

Show Comments

Extras

Top Quizzes Today


Score Distribution

Your Account Isn't Verified!

In order to create a playlist on Sporcle, you need to verify the email address you used during registration. Go to your Sporcle Settings to finish the process.

Report this User

Report this user for behavior that violates our Community Guidelines.

Details: